[Event "Vrnjacka Banja"]
[Site "Vrnjacka Banja"]
[Date "1983.??.??"]
[Round "10"]
[White "Abramovic, Bosko"]
[Black "Paunovic, Dragan"]
[Result "1-0"]
[WhiteElo "2475"]
[BlackElo "2320"]

1.e4 c5 2.Nf3 e6 3.d4 cxd4 4.Nxd4 Nc6 5.Nc3 d6 6.Be2 Nf6 7.O-O Be7 8.Be3 O-O
9.f4 e5 10.fxe5 dxe5 11.Nf5 Bxf5 12.Rxf5 Qxd1+ 13.Rxd1 g6 14.Rff1 Nd4 15.Rd2 Rac8
16.Bd1 Kg7 17.g4 h6 18.Kg2 Ne6 19.Nd5 Nxd5 20.exd5 Nf4+ 21.Kf3 Rfd8 22.Bxf4 exf4
23.Re1 Bd6 24.c3 Re8 25.Rde2 Kf8 26.h4 Rxe2 27.Rxe2 Re8 28.Rxe8+ Kxe8 29.Ke4 Be7
30.h5 Bd6 31.b4 Ke7 32.a3 b6 33.c4 gxh5 34.gxh5 a5 35.bxa5 bxa5 36.Kd4 Bxa3
37.c5 f5 38.Kc4 Kd8 39.d6 f3 40.Bxf3 f4 41.Bd1 Bb4 42.Kd5 a4 43.Bxa4 f3 44.c6 Ba5
45.Ke6 Bb6 46.Bb5  1-0

[Event "Vrnjacka Banja"]
[Site "Vrnjacka Banja"]
[Date "1983.??.??"]
[Round "14"]
[White "Marjanovic, Slavoljub"]
[Black "Paunovic, Dragan"]
[Result "1/2-1/2"]
[WhiteElo "2435"]
[BlackElo "2320"]

1.e4 c5 2.Nf3 e6 3.d4 cxd4 4.Nxd4 Nc6 5.Nc3 d6 6.Be2 Nf6 7.O-O Be7 8.Kh1 O-O
9.f4 Nxd4 10.Qxd4 a6 11.a4 Qc7 12.Be3 e5 13.Qd3 b6 14.fxe5 dxe5 15.Bg5 Bb7
16.Bxf6 Bxf6 17.Qg3 Be7 18.Bd3 Kh8 19.Nd1 Bc5 20.Rb1 a5 21.Nc3 Qe7 22.Bc4 Rad8
23.Rf5 Bd4 24.Nd5 Bxd5 25.Bxd5 g6 26.Rff1 f5 27.c3 f4 28.Qe1 Be3 29.b4 axb4
30.cxb4 Rc8 31.Qe2 Rc3 32.a5 bxa5 33.bxa5 Rfc8 34.a6 h5 35.Rb7 Qa3 36.Qb5 Rc1
37.Bc4 Rxf1+ 38.Bxf1 Qa1 39.h3 Bc5 40.Qd3 Qe1 41.Rb1  1/2-1/2

[Event "Vrnjacka Banja"]
[Site "Vrnjacka Banja"]
[Date "1983.??.??"]
[Round "15"]
[White "Matulovic, Milan"]
[Black "Abramovic, Bosko"]
[Result "0-1"]
[WhiteElo "2490"]
[BlackElo "2475"]

1.e4 c5 2.Nf3 e6 3.d4 cxd4 4.Nxd4 Nc6 5.Nc3 a6 6.Be2 Qc7 7.O-O Nf6 8.Kh1 Be7
9.f4 d6 10.Be3 O-O 11.Qe1 Nxd4 12.Bxd4 b5 13.a3 Bb7 14.Qg3 g6 15.Bf3 Rad8
16.f5 e5 17.Be3 Kh8 18.Qf2 Rd7 19.Bg5 gxf5 20.Bxf6+ Bxf6 21.Bg4 f4 22.Bxd7 Qxd7
23.Rad1 Bg5 24.Qb6 Bc6 25.Rd3 f5 26.Rfd1 Bd8 27.Qf2 fxe4 28.Rxd6 e3 29.Rxd7 exf2
30.R7d6 Bb7 31.Rf1 Bh4 32.Rd7 Ba8 33.Rd2 e4 34.Rdxf2 Bxf2 35.Rxf2 e3 36.Rf1 f3
37.gxf3 Bxf3+ 38.Rxf3 Rxf3 39.Kg2 Rf2+ 40.Kg3 Rxc2 41.Kf3 Rxb2 42.Kxe3 Rb3
43.Kd4 Rxa3 44.h4  0-1

[Event "Warsaw"]
[Site "Warsaw"]
[Date "1983.??.??"]
[Round "3"]
[White "Kindermann, Stefan"]
[Black "Schmidt, Wlodzimierz"]
[Result "1-0"]
[WhiteElo "2440"]
[BlackElo "2450"]

1.e4 c5 2.Nf3 e6 3.d4 cxd4 4.Nxd4 Nc6 5.Nc3 a6 6.Be2 d6 7.O-O Nf6 8.Be3 Be7
9.f4 O-O 10.a4 Qc7 11.Kh1 Bd7 12.Nb3 b6 13.Bf3 Rab8 14.Qe2 Na5 15.Nd2 Bc8
16.Bf2 Nd7 17.e5 dxe5 18.fxe5 Qxe5 19.Be4 Qc7 20.Bg3 e5 21.Nd5 Qd8 22.Nf3 Bd6
23.Bh4 Qe8 24.Ng5 h6 25.Nh7 Qe6 26.Rad1  1-0

[Event "Warsaw"]
[Site "Warsaw"]
[Date "1983.??.??"]
[Round "8"]
[White "Kindermann, Stefan"]
[Black "Skrobek, Ryszard"]
[Result "1/2-1/2"]
[WhiteElo "2440"]
[BlackElo "2420"]

1.e4 c5 2.Nf3 Nc6 3.d4 cxd4 4.Nxd4 e6 5.Nc3 Nf6 6.Ndb5 d6 7.Bf4 e5 8.Bg5 a6
9.Na3 b5 10.Bxf6 gxf6 11.Nd5 f5 12.Bd3 Be6 13.Qh5 Rg8 14.f4 Rxg2 15.O-O-O Nd4
16.c3 Qa5 17.Kb1 Bxd5 18.exd5 b4 19.Nc4 Rxb2+ 20.Kxb2 bxc3+ 21.Ka1 Qa4 22.Rb1 Qxc4
23.Rb7 Qxd5 24.Rhb1 c2 25.Rb8+ Rxb8 26.Rxb8+ Kd7 27.Bxf5+ Kc7 28.Rc8+ Kb7
29.Rxc2 Nxc2+ 30.Bxc2 Qd4+ 31.Kb1 Qxf4 32.Qxh7 Bh6 33.a3 d5 34.Qd3 Qd2 35.Qf5 Kb6
36.Qf6+ Kc5 37.Qe7+  1/2-1/2

[Event "Warsaw"]
[Site "Warsaw"]
[Date "1983.??.??"]
[Round "15"]
[White "Sznapik, Aleksander"]
[Black "Schmidt, Wlodzimierz"]
[Result "1/2-1/2"]
[WhiteElo "2460"]
[BlackElo "2450"]

1.e4 c5 2.Nf3 e6 3.d4 cxd4 4.Nxd4 Nc6 5.Nc3 a6 6.Be2 d6 7.O-O Nf6 8.Be3 Be7
9.f4 O-O 10.a4 Qc7 11.Kh1 Re8 12.Bd3 Nb4 13.Qf3 Bd7 14.Rae1  1/2-1/2

[Event "Yerevan Girls"]
[Site "Yerevan"]
[Date "1983.??.??"]
[Round "6"]
[White "Sirotkina, Nina"]
[Black "Skripova, T."]
[Result "0-1"]
[WhiteElo "2000"]
[BlackElo "2035"]

1.e4 c5 2.Nc3 e6 3.Nf3 Nc6 4.d4 cxd4 5.Nxd4 Nf6 6.g3 d5 7.Bg2 Bb4 8.exd5 Nxd5
9.O-O Nxd4 10.Nxd5 Bc5 11.Be3 e5 12.c3 Ne6 13.Bxc5 Nxc5 14.Qh5 O-O 15.Qxe5 Be6
16.Rfd1 Rc8 17.Nf4 Qb6 18.b3 Rcd8 19.Qe3 Qc7 20.b4 Na4 21.Nxe6 fxe6 22.Qxe6+ Kh8
23.Rxd8 Qxd8 24.Qe3 Qf6 25.Rc1 b5 26.Qd4 Qe7 27.h4 Qe2 28.Bf1 Qb2 29.Qe3 a6
30.h5 h6 31.Kg2 Qxa2 32.Rd1 Qf7 33.Rd6 Nxc3 34.Qd4 Ne4 35.Rd7 Qf3+ 36.Kg1 Nf6
37.Rd6 Qxh5 38.Rxa6 Ng4  0-1

[Event "ARM-chJ"]
[Site "Yerevan"]
[Date "1983.??.??"]
[Round "6"]
[White "Khalikian, O."]
[Black "Dementiev, Oleg I"]
[Result "1-0"]
[WhiteElo "2355"]
[BlackElo "2490"]

1.e4 c5 2.Nc3 Nc6 3.Nf3 e6 4.d4 cxd4 5.Nxd4 d6 6.Be2 Nf6 7.O-O Be7 8.Be3 O-O
9.f4 Bd7 10.Bf3 a6 11.Qe1 Qc7 12.a3 Na5 13.Rd1 Nc4 14.Bc1 Rac8 15.Rd3 b5
16.Kh1 Rfe8 17.b3 Nb6 18.g4 e5 19.Nf5 Bxf5 20.gxf5 Nfd7 21.Qg3 Bf6 22.Nd5 Nxd5
23.Rxd5 Nb6 24.fxe5 dxe5 25.Rd2 Qe7 26.Rg2 Kh8 27.Rfg1 Nd7 28.Qh3 Rc6 29.Bd1 Rec8
30.Rg3 Rd8 31.Qg2 g6 32.h4 Bxh4 33.Rh3 Nf8 34.Bd2 Kg8 35.Bb4 Qf6 36.Rf1 Qg5
37.Qh2 Rxd1 38.Rxd1 Qg4 39.Rg1 Qxe4+ 40.Qg2 Qxg2+ 41.Rxg2 Bf6 42.c4 e4 43.Rg4 bxc4
44.Rxe4 c3 45.Rc4 Rxc4 46.bxc4 c2 47.Bd2 Nd7 48.Bc1 Nc5 49.Rh2 Kf8 50.Rxc2 Ke7
51.Rh2 gxf5 52.Rxh7 Nb3 53.Be3 Na5 54.c5 Bb2 55.Rh6 f6 56.Rh7+ Ke6 57.Ra7 Kd5
58.Rxa6 Nc4 59.c6 Be5 60.Bf2 f4 61.Kg2 Bc7 62.Bh4 Bb6 63.Ra4 Ne3+ 64.Kf3 Kxc6
65.Rxf4 Nd5 66.Rf5 Bc5 67.Ke4 Nb6 68.Rxf6+ Kb5 69.Bf2 Nd7 70.Rf5 Kc4 71.Bxc5 Nxc5+
72.Ke5 Na4 73.Kd6 Nc3 74.Kc6 Ne2 75.Re5 Nd4+ 76.Kb6  1-0

[Event "Robert Silk Young Masters"]
[Site "London"]
[Date "1984.07.20"]
[Round "6"]
[White "Kosten, Anthony C"]
[Black "Hartston, William R"]
[Result "0-1"]
[WhiteElo "2420"]
[BlackElo "2440"]

1.e4 c5 2.Nf3 e6 3.d4 cxd4 4.Nxd4 Nc6 5.Nc3 a6 6.Nxc6 bxc6 7.Bd3 d5 8.O-O Nf6
9.Qe2 Be7 10.e5 Nd7 11.Na4 a5 12.b3 O-O 13.Bb2 Nb6 14.Nxb6 Qxb6 15.a4 Ba6
16.Rad1 Rfc8 17.Bxa6 Qxa6 18.Rd3 c5 19.Qh5 g6 20.Qh6 Bf8 21.Qh4 Bg7 22.Rh3 h5
23.g4 hxg4 24.Qxg4 Rab8 25.Rd1 Rb4 26.c4 Qb7 27.Bc1 Rxb3 28.cxd5 Rb4 29.Bf4 exd5
30.e6 Rb1 31.exf7+ Kxf7 32.Rxb1 Qxb1+ 33.Kg2 Qf5 34.Qd1 Kg8 35.Bd2 c4 36.Bh6 Bxh6
37.Rxh6 Qg5+  0-1

[Event "Aarhus-A"]
[Site "Aarhus"]
[Date "1984.??.??"]
[Round "7"]
[White "Fries Nielsen, Jens Ove"]
[Black "Jensen, Vagn"]
[Result "1-0"]
[WhiteElo "2420"]
[BlackElo "2205"]

1.e4 c5 2.Nf3 e6 3.d4 cxd4 4.Nxd4 Nc6 5.Nc3 a6 6.Nxc6 bxc6 7.Bd3 Qc7 8.O-O Nf6
9.f4 d6 10.Qe2 e5 11.Kh1 Be7 12.fxe5 dxe5 13.Be3 O-O 14.Na4 Bg4 15.Qe1 Bh5
16.Bb6 Qb8 17.Qc3 Bg6 18.Rae1 Rc8 19.Bc5 Bxc5 20.Nxc5 a5 21.a3 Rd8 22.Nb3 Qc7
23.Nd2 Rd4 24.b3 c5 25.Nf3 Nxe4 26.Qa1 Re8 27.Nxd4 exd4 28.Qc1 a4 29.Bc4 axb3
30.cxb3 Qd6 31.Qd1 Re7 32.Kg1 h6 33.a4 Re5 34.a5 Rh5 35.Qxh5 Bxh5 36.a6 Qc6
37.a7 Nc3 38.Re7 Qa8 39.Bxf7+ Bxf7 40.Rfxf7 d3 41.Rxg7+ Kh8 42.Rh7+ Kg8 43.Reg7+ Kf8
44.Rb7  1-0

[Event "OHRA"]
[Site "Amsterdam"]
[Date "1984.??.??"]
[Round "3"]
[White "Sax, Gyula"]
[Black "Ligterink, Gert"]
[Result "1-0"]
[WhiteElo "2565"]
[BlackElo "2440"]

1.e4 c5 2.Nf3 e6 3.d4 cxd4 4.Nxd4 Nc6 5.Nc3 d6 6.Be3 Nf6 7.f4 e5 8.Nf3 Be7
9.Qd2 O-O 10.O-O-O Qa5 11.a3 exf4 12.Bxf4 Be6 13.Qe1 Rfd8 14.Nd5 Bxd5 15.Qxa5 Nxa5
16.exd5 Rac8 17.Be2 Ne4 18.Be3 Nb3+ 19.Kb1 Nbc5 20.Rhe1 Bf6 21.Nd4 a6 22.Bg4 Rc7
23.Bf3 Re8 24.Nf5 g6 25.Bxc5 Rxc5 26.Rxe4 Rxe4 27.Bxe4 gxf5 28.Bxf5 Be5 29.g3 h6
30.c3 Kf8 31.Kc2 Ke7 32.Re1 b5 33.Re3 Kd8 34.Be4 Rc7 35.Rf3 Re7 36.Bd3 Kc7
37.Rf5 Kb6 38.Rh5 Bg7 39.Rh4 Kc5 40.a4 Rb7 41.Rg4 Be5 42.b4+ Kb6 43.a5+ Ka7
44.c4 Rc7 45.Kb3 bxc4+ 46.Rxc4 Rxc4 47.Kxc4 Kb7 48.b5 axb5+ 49.Kxb5 Bd4 50.g4 Kc7
51.Bh7 Bf2 52.Bg8 f6 53.Be6 Bg1 54.h3 Bf2 55.a6 Bg1 56.Kc4 Kd8 57.Kd3 Ke7
58.Ke4 Kf8 59.Kf5 Kg7 60.h4 Bf2 61.Bd7 Kf7 62.Be8+ Kxe8 63.Ke6 Kd8 64.Kxd6 Be3
65.Ke6 Bd4 66.Kf7 Kd7 67.Kg6 Be3 68.Kxf6 Kd6 69.Kg6 Kxd5 70.a7 Bxa7 71.Kxh6 Ke6
72.g5 Be3 73.Kh7 Kf5 74.g6 Bd4 75.h5  1-0

[Event "OHRA"]
[Site "Amsterdam"]
[Date "1984.??.??"]
[Round "6"]
[White "Sznapik, Aleksander"]
[Black "Ligterink, Gert"]
[Result "0-1"]
[WhiteElo "2445"]
[BlackElo "2440"]

1.e4 c5 2.Nf3 e6 3.d4 cxd4 4.Nxd4 Nc6 5.Nc3 d6 6.Be3 Nf6 7.Be2 Be7 8.Qd2 O-O
9.O-O-O d5 10.exd5 exd5 11.f3 Be6 12.g4 Rc8 13.g5 Ne8 14.Rhg1 Nd6 15.g6 Nxd4
16.gxh7+ Kh8 17.Bxd4 Nf5 18.Nb5 a6 19.Bd3 Nxd4 20.Nxd4 Bf6 21.Nxe6 fxe6 22.Rg4 Qb6
23.Rb4 Qa5 24.a3 b5 25.Qg2 Qc7 26.h4 Rb8 27.Kb1 a5 28.Rxb5 Rxb5 29.Bxb5 Qc5
30.Qe2 Rb8 31.a4 Qb4 32.c3 Bxc3 33.Rc1 Bd4 34.Rc6 e5 35.Qc2 Rf8 36.Rc8 Rxc8
37.Qxc8+ Kxh7 38.Bd3+ e4 39.Qf5+ g6 40.Qf7+ Bg7  0-1

[Event "OHRA"]
[Site "Amsterdam"]
[Date "1984.??.??"]
[Round "7"]
[White "Kuijf, Marinus"]
[Black "De Wit, Johannes S"]
[Result "1-0"]
[WhiteElo "2405"]
[BlackElo "2395"]

1.e4 c5 2.Ne2 Nc6 3.d4 cxd4 4.Nxd4 e6 5.Nc3 a6 6.Nxc6 bxc6 7.Bd3 d6 8.O-O Nf6
9.f4 Be7 10.Kh1 Qc7 11.b3 Nd7 12.Bb2 Bf6 13.Qe2 Nc5 14.e5 dxe5 15.Ne4 Nxe4
16.Qxe4 exf4 17.Bxf6 gxf6 18.Rxf4 Bb7 19.Rxf6 c5 20.Qe2 Rg8 21.Be4 O-O-O
22.Raf1 Rd7 23.h3 Kb8 24.Bxb7 Qxb7 25.R1f3 Rg5 26.c4 Qc7 27.Rd3 Rxd3 28.Qxd3 Rg6
29.Rf2 h6 30.Qd1 Rg8 31.Qh5 f5 32.Qxh6 Qe5 33.Qd2 Kc8 34.Re2 Qg3 35.Qh6 Rg6
36.Qf8+ Kb7 37.Qxc5 Rh6 38.Qe7+  1-0

[Event "OHRA"]
[Site "Amsterdam"]
[Date "1984.??.??"]
[Round "8"]
[White "Sznapik, Aleksander"]
[Black "Borm, Franciscus WM"]
[Result "1-0"]
[WhiteElo "2445"]
[BlackElo "2375"]

1.e4 c5 2.Nf3 Nc6 3.d4 cxd4 4.Nxd4 e6 5.Nc3 d6 6.Be3 Nf6 7.Be2 Be7 8.g4 Nxd4
9.Qxd4 e5 10.Qd1 h6 11.Bb5+ Kf8 12.h3 Be6 13.Qf3 Rc8 14.Bd3 g5 15.Bd2 d5
16.exd5 Nxd5 17.Bf5 Nf4 18.O-O-O Qc7 19.Bxf4 Bxf5 20.Bxe5 Qxe5 21.gxf5 Bf6
22.Rhe1 Qc7 23.Rd3 Kg7 24.Red1 b5 25.Rd7 Qc4 26.Qh5 Kf8 27.b3 Qf4+ 28.Kb1 Rh7
29.Nxb5 Qxf5 30.Qe2 Qxh3 31.Qe4 Kg8 32.R7d6 Bh8 33.Rh1  1-0

[Event "OHRA-B"]
[Site "Amsterdam"]
[Date "1984.??.??"]
[Round "9"]
[White "Ciric, Dragoljub M"]
[Black "Barlov, Dragan"]
[Result "1/2-1/2"]
[WhiteElo "2420"]
[BlackElo "2480"]

1.e4 c5 2.Nf3 e6 3.Nc3 Nc6 4.d4 cxd4 5.Nxd4 Qc7 6.g3 a6 7.Bg2 Nf6 8.O-O Be7
9.Nce2 O-O 10.c4 Nxd4 11.Qxd4 d6 12.Nc3 Bd7 13.b3 b5 14.cxb5 axb5 15.Bb2 Bc6
16.b4 Qb7 17.Rfe1 Rfd8 18.a3 Bf8 19.Rac1 Kh8 20.Rc2 d5 21.exd5 Nxd5 22.Nxd5 Bxd5
23.Bxd5 Rxd5 24.Qc3 Rad8 25.Qc7 Qxc7 26.Rxc7 Kg8 27.Rec1 f6 28.Rc8 Rxc8 29.Rxc8 Kf7
30.Bc1 Bd6 31.Be3 e5 32.Kf1 Rd1+ 33.Ke2 Ra1 34.Ra8 Ke6 35.Ra5 f5 36.Kd3 Kd7
37.Kc2 Kc6 38.Bc1 e4 39.Ra6+ Kd7 40.Ra7+ Kc6 41.Ra6+ Kd7 42.Ra7+ Kc8 43.Ra6 Kc7
44.Ra7+ Kb6 45.Rxg7 Kc6 46.Be3 Rxa3 47.Rxh7 Bxb4 48.Rf7 Kd5 49.Rd7+ Kc6 50.Rf7 Kd5
51.Rd7+  1/2-1/2

[Event "URS-ch sf"]
[Site "Barnaul"]
[Date "1984.??.??"]
[Round "?"]
[White "Tseshkovsky, Vitaly"]
[Black "Petrushin, Alexander I"]
[Result "1/2-1/2"]
[WhiteElo "2505"]
[BlackElo "2420"]

1.e4 c5 2.Nf3 Nc6 3.d4 cxd4 4.Nxd4 e6 5.Nc3 a6 6.Be2 Qc7 7.O-O Nf6 8.Be3 d6
9.f4 Be7 10.a4 O-O 11.Kh1 Bd7 12.Qe1 Nb4 13.Qg3 Kh8 14.Bd3 Nxd3 15.cxd3 Qa5
16.h3 Rac8 17.Qf2 Qh5 18.Kg1 h6 19.Nf3 Nh7 20.Rac1 f5 21.Qe2 Nf6 22.Bd4 Bd8
23.exf5 exf5 24.b4 Qf7 25.Nd2 Nd5 26.Nc4 Nxc3 27.Bxc3 Qg6 28.a5 Bh4 29.Be1 Rce8
30.Qb2 Bd8 31.Bc3 Bc6 32.Kh2 Bh4 33.Be1 Rxe1 34.Rcxe1 Qg3+ 35.Kg1 Qxd3 36.Rc1 Re8
37.Rfd1 Qg3 38.Qd2 Re4 39.Rc3 Qg6 40.Rc2 Bf6  1/2-1/2

[Event "Beersheba"]
[Site "Beersheba"]
[Date "1984.??.??"]
[Round "9"]
[White "Kudrin, Sergey"]
[Black "Mestel, A Jonathan"]
[Result "0-1"]
[WhiteElo "2520"]
[BlackElo "2540"]

1.e4 c5 2.Nf3 e6 3.d4 cxd4 4.Nxd4 Nc6 5.Nc3 a6 6.g3 d6 7.Bg2 Be7 8.O-O Bd7
9.Nxc6 Bxc6 10.Qg4 h5 11.Qe2 h4 12.Be3 Qa5 13.f4 hxg3 14.hxg3 Nf6 15.Bf3 O-O-O
16.a3 d5 17.exd5 Nxd5 18.Nxd5 Bxd5 19.Rad1 Bf6 20.c3 Bxf3 21.Qxf3 Qb5 22.Rf2 Rxd1+
23.Qxd1 Rd8 24.Qe1 Qh5 25.Rd2 Rh8 26.Rg2 e5 27.Qe2 Qh1+ 28.Kf2 Qb1 29.fxe5 Bxe5
30.Bf4 f6 31.Kf3 g5 32.Bxe5 fxe5 33.Qxe5 g4+ 34.Kxg4 Rg8+ 35.Kf3 Qd3+ 36.Kf2 Rf8+
37.Kg1 Qf1+  0-1

[Event "Bela Crkva op"]
[Site "Bela Crkva"]
[Date "1984.??.??"]
[Round "?"]
[White "Marjanovic, Slavoljub"]
[Black "Simic, Radoslav"]
[Result "1/2-1/2"]
[WhiteElo "2525"]
[BlackElo "2485"]

1.e4 c5 2.Nc3 Nc6 3.Nge2 e6 4.d4 cxd4 5.Nxd4 Nf6 6.Ndb5 d6 7.Bf4 e5 8.Bg5 a6
9.Na3 b5 10.Bxf6 gxf6 11.Nd5 f5 12.c3 Bg7 13.exf5 Bxf5 14.Nc2 O-O 15.Nce3 Be6
16.Bd3 f5 17.Qh5 Ra7 18.O-O Raf7 19.Bc2 b4 20.Rfd1 bxc3 21.bxc3 Ne7 22.Nxe7+  1/2-1/2

[Event "Belgrade"]
[Site "Belgrade"]
[Date "1984.??.??"]
[Round "?"]
[White "Vujacic, Borivoje"]
[Black "Abramovic, Bosko"]
[Result "0-1"]
[WhiteElo "2370"]
[BlackElo "2495"]

1.e4 c5 2.Nf3 e6 3.d4 cxd4 4.Nxd4 Nc6 5.Nc3 a6 6.Be2 Qc7 7.O-O Nf6 8.Kh1 Nxd4
9.Qxd4 Bc5 10.Qd3 h5 11.f4 b5 12.Be3 Bb7 13.a3 O-O-O 14.Rad1 d5 15.Bxc5 Qxc5
16.e5 Ng4 17.Qd4 Qxd4 18.Rxd4 Ne3 19.Rc1 Nf5 20.Rd2 d4 21.Nd1 h4 22.Kg1 g5
23.c3 gxf4 24.cxd4+ Kb8 25.Bg4 Nxd4 26.Rf2 Rhg8 27.h3 f3 28.Nc3 Rg5 29.Re1 Rd7
30.Re3 fxg2 31.Kh2 Nf5 32.Re1 Rd4 33.Kg1 b4 34.axb4 Rxb4 35.Kh2 Nh6 36.Bd1 Rg3
37.Bh5 a5 38.Ne2 Rg5  0-1

[Event "Berlin op"]
[Site "Berlin-West"]
[Date "1984.??.??"]
[Round "1"]
[White "Ghysels, M."]
[Black "Lau, Ralf"]
[Result "0-1"]
[WhiteElo "2205"]
[BlackElo "2400"]

1.e4 c5 2.Nf3 e6 3.d4 cxd4 4.Nxd4 Nc6 5.Nc3 d6 6.Be3 Nf6 7.Be2 Be7 8.O-O O-O
9.Kh1 Bd7 10.f4 a6 11.Qe1 b5 12.Bf3 Rc8 13.a3 Qc7 14.Nxc6 Bxc6 15.g4 Qb7
16.Bd4 Rfe8 17.g5 Nd7 18.Qg3 e5 19.fxe5 dxe5 20.Bg1 Bc5 21.Rae1 Bxg1 22.Kxg1 Nb6
23.h4 Rcd8 24.Nd1 Nc4 25.Rf2 Nd2 26.Nc3 Nxf3+ 27.Qxf3 Rd4 28.h5 a5 29.g6 hxg6
30.hxg6 fxg6 31.Qg4 Qd7 32.Qh4 Qe7 33.Qh1 Rf8 34.Rxf8+ Qxf8 35.Qg2 Qd6 36.Qg4 Qd7
37.Qg3 b4 38.axb4 axb4 39.Nd5 Bxd5 40.exd5 Rg4  0-1

[Event "Bor"]
[Site "Bor"]
[Date "1984.??.??"]
[Round "?"]
[White "Arnason, Jon L"]
[Black "Abramovic, Bosko"]
[Result "1-0"]
[WhiteElo "2505"]
[BlackElo "2480"]

1.e4 c5 2.Nf3 e6 3.d4 cxd4 4.Nxd4 Nc6 5.Nc3 a6 6.Be2 Qc7 7.O-O Nf6 8.Kh1 Be7
9.f4 d6 10.Be3 O-O 11.a4 Bd7 12.Nb3 b6 13.Bf3 Rab8 14.g4 Bc8 15.g5 Nd7 16.Qe2 Re8
17.Bg2 Nc5 18.Rf3 Nxb3 19.cxb3 Nb4 20.Rh3 g6 21.Qf2 e5 22.f5 d5 23.Qh4 h5
24.Bf3 Bf8 25.Bxh5 Bg7 26.Bg4 gxf5 27.exf5 Bxf5 28.Bxf5 d4 29.Ne4 dxe3 30.Nf6+  1-0

[Event "Bor"]
[Site "Bor"]
[Date "1984.??.??"]
[Round "?"]
[White "Arnason, Jon L"]
[Black "Ilic, Zoran"]
[Result "1/2-1/2"]
[WhiteElo "2505"]
[BlackElo "2440"]

1.e4 c5 2.Nf3 e6 3.d4 cxd4 4.Nxd4 Nc6 5.Nc3 d6 6.Be3 Nf6 7.f4 Be7 8.Be2 O-O
9.O-O a6 10.a4 Qc7 11.Kh1 Re8 12.Bg1 e5 13.Nxc6 Qxc6 14.Qd3 exf4 15.Rxf4 Be6
16.Qg3 d5 17.Bd4 Kh8 18.Raf1 Rg8 19.exd5 Nxd5 20.Nxd5 Qxd5 21.Bd3  1/2-1/2

[Event "Bor"]
[Site "Bor"]
[Date "1984.??.??"]
[Round "?"]
[White "Arnason, Jon L"]
[Black "Kirov, Nino"]
[Result "1-0"]
[WhiteElo "2505"]
[BlackElo "2430"]

1.e4 c5 2.Nf3 Nc6 3.d4 cxd4 4.Nxd4 e6 5.Nc3 a6 6.Be2 Qc7 7.O-O Nf6 8.Kh1 Bb4
9.Nxc6 bxc6 10.f4 O-O 11.e5 Ne8 12.Ne4 f5 13.Ng5 Be7 14.Nf3 c5 15.b3 Bb7
16.Bc4 Kh8 17.Qe2 Qc6 18.Rf2 Nc7 19.Bd2 h6 20.Rd1 Rf7 21.Ba5 g5 22.fxg5 hxg5
23.Rd6 Bxd6 24.exd6 Nd5 25.Ne5 Nf4 26.Rxf4  1-0

[Event "Bor"]
[Site "Bor"]
[Date "1984.??.??"]
[Round "?"]
[White "De Firmian, Nick E"]
[Black "Ilic, Zoran"]
[Result "1-0"]
[WhiteElo "2475"]
[BlackElo "2440"]

1.e4 c5 2.Nf3 e6 3.d4 cxd4 4.Nxd4 Nc6 5.Nc3 a6 6.g3 d6 7.Bg2 Bd7 8.O-O Nf6
9.a4 Be7 10.h3 O-O 11.Nde2 Rb8 12.g4 b5 13.axb5 axb5 14.Ng3 b4 15.Nce2 Qc7
16.g5 Ne8 17.f4 g6 18.f5 Ne5 19.Kh1 Bd8 20.Nd4 Qc4 21.Be3 Bb6 22.Qd2 Qc7
23.b3 Bc5 24.Rad1 Qb6 25.Bg1 Rc8 26.Qf4 Nc7 27.Qh4 Rfd8 28.Qh6 d5 29.Nf3 Nxf3
30.Rxf3 Bxg1 31.Nh5 gxh5 32.g6 Bd4  1-0

[Event "Bor"]
[Site "Bor"]
[Date "1984.??.??"]
[Round "?"]
[White "Pavlovic, Dean"]
[Black "Abramovic, Bosko"]
[Result "0-1"]
[WhiteElo "2265"]
[BlackElo "2480"]

1.e4 c5 2.Nf3 e6 3.d4 cxd4 4.Nxd4 Nc6 5.Nc3 a6 6.Be3 Nf6 7.Be2 Bb4 8.O-O Qc7
9.Bg5 Bxc3 10.Bxf6 gxf6 11.bxc3 Ne7 12.c4 Ng6 13.Bd3 h5 14.Kh1 h4 15.f4 Nxf4
16.Qf3 Nh5 17.Qh3 b6 18.Ne2 Bb7 19.Qxh4 O-O-O 20.g4 Nf4 21.Qf2 Nxe2 22.Qxe2 Qe5
23.Qf2 Rdg8 24.Qf4 Rxg4  0-1

[Event "BCF-ch"]
[Site "Brighton"]
[Date "1984.??.??"]
[Round "5"]
[White "Gallagher, Joseph G"]
[Black "Johansen, Darryl K"]
[Result "1-0"]
[WhiteElo "2295"]
[BlackElo "2440"]

1.e4 c5 2.Nf3 e6 3.d4 cxd4 4.Nxd4 Nc6 5.Nc3 a6 6.Nxc6 bxc6 7.e5 Qc7 8.f4 d6
9.exd6 Bxd6 10.Ne4 Be7 11.Bd3 Nf6 12.Qe2 Rb8 13.O-O O-O 14.b3 Nd5 15.c4 Nb4
16.Bb1 c5 17.Bb2 Nc6 18.Nf6+ Bxf6 19.Bxf6 gxf6 20.Bxh7+ Kh8 21.Qh5 Rg8 22.Rf3 e5
23.Qh6 Rg7 24.Rg3 Rxg3 25.hxg3 exf4 26.Re1 Ne5 27.Qxf6+ Kxh7 28.Rxe5 Bg4
29.Qh4+ Kg7 30.Qg5+ Kh7 31.Qh4+ Kg7 32.Qxg4+ Kf8 33.Qh5  1-0

[Event "BCF-ch"]
[Site "Brighton"]
[Date "1984.??.??"]
[Round "6"]
[White "Hartston, William R"]
[Black "Hawksworth, John C"]
[Result "1/2-1/2"]
[WhiteElo "2440"]
[BlackElo "2340"]

1.e4 c5 2.Nf3 e6 3.d4 cxd4 4.Nxd4 Nc6 5.Nc3 d6 6.Bc4 Nf6 7.Be3 Be7 8.Qe2 a6
9.O-O-O Nxd4 10.Bxd4 Qa5 11.Bb3 O-O 12.f4 e5 13.Nd5 Nxd5 14.exd5 f6 15.Kb1 exd4
16.Qxe7 Bg4 17.Rde1 Rae8 18.Qxe8 Rxe8 19.Rxe8+ Kf7 20.Rhe1 d3 21.cxd3 Qd2
22.R8e7+ Kg6 23.h3 Bf5 24.g4 Bxd3+ 25.Ka1 Qxf4 26.Rd1 b5 27.Rc7  1/2-1/2

[Event "BCF-ch"]
[Site "Brighton"]
[Date "1984.??.??"]
[Round "7"]
[White "Watts, David"]
[Black "Johansen, Darryl K"]
[Result "0-1"]
[WhiteElo "2240"]
[BlackElo "2440"]

1.e4 c5 2.Nf3 e6 3.d4 cxd4 4.Nxd4 Nc6 5.Nc3 a6 6.Be2 Nge7 7.Bf4 d6 8.Nxc6 Nxc6
9.Qd3 Ne5 10.Qg3 Qc7 11.a4 Ng6 12.Bg5 Bd7 13.O-O h6 14.Be3 Be7 15.f4 Bh4
16.Qh3 Bf6 17.a5 Bxc3 18.Bb6 e5 19.Qe3 Qxb6  0-1

[Event "BCF-ch"]
[Site "Brighton"]
[Date "1984.??.??"]
[Round "11"]
[White "Fuller, Keith"]
[Black "Hartston, William R"]
[Result "0-1"]
[WhiteElo "2175"]
[BlackElo "2440"]

1.e4 c5 2.Nc3 e6 3.Nf3 Nc6 4.d4 cxd4 5.Nxd4 a6 6.g3 d6 7.Bg2 Bd7 8.O-O Be7
9.Be3 Nf6 10.Nxc6 Bxc6 11.Qe2 Qc7 12.a4 b6 13.f4 O-O 14.Bd4 Rfd8 15.g4 e5
16.fxe5 dxe5 17.Be3 Bc5 18.Bxc5 bxc5 19.Rxf6 gxf6 20.Rf1 Rd6 21.Nd5 Bxd5
22.exd5 c4 23.Be4 c3 24.b3 Rb8 25.Qf3 Rb4 26.Rf2 Qc5 27.Qf5 Rxe4 28.Qxe4 Rxd5
29.Qf3 Qd4 30.Kg2 a5 31.h3 e4 32.Qf4 Kg7 33.Re2 Re5 34.Qe3 Qb4 35.Rf2 Rd5
36.Kg3 Rd2 37.Rf5 Qd6+ 38.Kh4 Rxc2 39.Rh5 Qd2  0-1

[Event "Casilda"]
[Site "Casilda"]
[Date "1984.??.??"]
[Round "2"]
[White "Bronstein, Luis"]
[Black "Cifuentes Parada, Roberto"]
[Result "1/2-1/2"]
[WhiteElo "2415"]
[BlackElo "2425"]

1.e4 c5 2.Nf3 e6 3.d4 cxd4 4.Nxd4 Nc6 5.Nc3 Nf6 6.Nxc6 bxc6 7.e5 Nd5 8.Nxd5 cxd5
9.Bd3 Ba6 10.O-O Bxd3 11.Qxd3 d6 12.Bf4 dxe5 13.Bxe5 f6 14.Bg3 Bd6 15.Rfe1 Bxg3
16.hxg3 Qd7 17.c4 O-O 18.cxd5 exd5 19.Rad1 Rfd8 20.Re2 Rac8 21.Red2 Rc5 22.b4 Rb5
23.Qe3 Qc6 24.Qxa7 Rxb4 25.Qa5 Qb6 26.Qxb6 Rxb6  1/2-1/2

[Event "Politiken Cup"]
[Site "Copenhagen"]
[Date "1984.??.??"]
[Round "3"]
[White "Lindberg, Bengt"]
[Black "Brinck Claussen, Bjorn"]
[Result "1/2-1/2"]
[WhiteElo "2265"]
[BlackElo "2370"]

1.e4 c5 2.Nf3 e6 3.d4 cxd4 4.Nxd4 Nc6 5.Nc3 a6 6.Be2 Nge7 7.Nb3 Na5 8.O-O Nec6
9.Be3 b5 10.f4 Be7 11.e5 Nc4 12.Bxc4 bxc4 13.Nd2 Na5 14.Nde4 O-O 15.Qh5 f5
16.exf6 gxf6 17.Rf3 Rf7 18.Rg3+ Rg7 19.Rxg7+ Kxg7 20.f5 Nc6 21.Rf1 Kh8 22.Rf3 Ne5
23.Rg3 exf5 24.Bh6 Ng6 25.Qxf5 Qb6+ 26.Kh1 Qe6 27.Qxe6 dxe6 28.Nd2 Bb7 29.Nxc4 Rd8
30.Kg1 f5 31.Ne5 Nxe5 32.Bg7+ Kg8 33.Bxe5+ Kf8 34.Rd3 Bc5+ 35.Kf1 Rxd3 36.cxd3 Ke7
37.a3 Be3 38.g3 Bc6 39.Ke2 Bc1 40.Na2 Bh6 41.Nb4 Bb7 42.Nc2 Kd7 43.Ne3 Bxe3
44.Kxe3 Bd5 45.Kf4  1/2-1/2

[Event "Politiken Cup"]
[Site "Copenhagen"]
[Date "1984.??.??"]
[Round "5"]
[White "Gallagher, Joseph G"]
[Black "Brinck Claussen, Bjorn"]
[Result "1/2-1/2"]
[WhiteElo "2260"]
[BlackElo "2370"]

1.e4 c5 2.Nf3 e6 3.d4 cxd4 4.Nxd4 Nc6 5.Nc3 a6 6.Be2 Nge7 7.Be3 b5 8.Nxc6 Nxc6
9.O-O Be7 10.f4 d6 11.Qe1 O-O 12.Rd1 Qc7 13.Qg3 Kh8  1/2-1/2

[Event "Politiken Cup"]
[Site "Copenhagen"]
[Date "1984.??.??"]
[Round "7"]
[White "Degerman, Lars"]
[Black "Brinck Claussen, Bjorn"]
[Result "0-1"]
[WhiteElo "2270"]
[BlackElo "2370"]

1.e4 c5 2.Nf3 e6 3.d4 cxd4 4.Nxd4 Nc6 5.Nc3 Qc7 6.f4 a6 7.Nxc6 Qxc6 8.Bd3 b5
9.Qe2 Bb7 10.O-O Bc5+ 11.Kh1 Ne7 12.a3 O-O 13.e5 Nf5 14.Be4 Qb6 15.Bxb7 Qxb7
16.Ne4 Qc6 17.Bd2 Be3 18.Ng3 Nxg3+ 19.hxg3 Bxd2 20.Qxd2 f6 21.Rad1 fxe5 22.Qxd7 Rac8
23.c3 exf4 24.Rxf4 Qxd7 25.Rxd7 Rc6 26.Kg1 h5 27.Rxf8+ Kxf8 28.Kf2 a5 29.Rb7 Rc5
30.b4 Rxc3 31.bxa5 Rxa3 32.Rxb5 g6 33.Rb6 Kf7 34.a6 Kf6 35.Rc6 Kf5 36.Rb6 e5
37.Rc6 g5 38.Rb6 Ra2+ 39.Kg1 Ra4 40.Kf2 Kg4 41.Re6 Ra2+ 42.Kf1 Kxg3 43.Rxe5 g4
44.Rxh5 Ra1+ 45.Ke2 Rxa6 46.Rg5 Ra2+ 47.Kf1 Rf2+ 48.Kg1 Rxg2+ 49.Kf1 Rf2+
50.Kg1 Ra2 51.Kf1 Ra1+ 52.Ke2 Rg1 53.Rh5 Kg2 54.Rh4 g3 55.Rh7 Ra1  0-1

[Event "Czestochowa"]
[Site "Czestochowa"]
[Date "1984.??.??"]
[Round "?"]
[White "Flis, Jacek"]
[Black "Kojder, Konrad"]
[Result "1/2-1/2"]
[WhiteElo "2360"]
[BlackElo "2380"]

1.e4 c5 2.Nf3 e6 3.d4 cxd4 4.Nxd4 Nc6 5.Nc3 a6 6.Be2 Qc7 7.O-O Nf6 8.Kh1 Bb4
9.Qd3 O-O 10.Nxc6 bxc6 11.Bg5 Bxc3  1/2-1/2